000 00715nam a2200253Ia 4500
003 OSt
005 20220912144856.0
006 a|||||r|||| 00| 0
007 ta
008 220909b |||||||| |||| 00| 0 eng d
024 _a70362
037 _cTextual
040 _aCSL
_beng
_cCSL
041 _aeng
082 _aB313, K1;1
100 _aKuratowski Kazimierz
245 0 _aIntroduction set theory and toplogy
260 _aOxford
_bPergamon Press
_c1961
300 _a352p.
_ccm.
490 _aInternational sries onf monographs in pure and applied mathematics; 101
650 _aFunction space
942 _hB313, K1;1
_cTEXL
_2CC
999 _c17950
_d17950